000 00750nam a22002417a 4500
008 131118b xxu||||| |||| 00| 0 eng d
020 _a81-7141-128-2
024 _cAvailable
037 _cAvailable
040 _aMBSTU LIBRARY
_dMBSTU LIBRARY
082 _222
_a363.703 SEE
100 _aSeth, Inderjeet Kour.
245 _aEnvironment (modern dictionary)
260 _aNew Delhi
_bDiscovery Publishing House.
_c1991
300 _a22 cm.
_b267 page
_f1
_g22 cm.
600 _2Environment-dictionary.
650 _2Environment-dictionary.
700 _aSeth, Inderjeet Kour.
270 _aNew Delhi
_bNew Delhi
_dIndia
365 _b300.00
_d300.00
942 _2ddc
_cBK
999 _c848
_d848